00271nam a22000977a 4500008004100000020001500041082002000056245004500076260004400121300000800165230621b xxu||||| |||| 00| 0 eng d a9291420652 a328.3bIPU 1999 aParticipation of Women in Political Life aGenevabInter-Parliamentary Unionc1999 a74p